| 000 | 01056nam a22002897a 4500 | ||
|---|---|---|---|
| 999 |
_c21553 _d21553 |
||
| 003 | AR-CdUCM | ||
| 008 | 190312b ||||| |||| 00| 0 spa d | ||
| 020 | _a9789972572227 | ||
| 040 |
_aMUNICIPALIDAD PROVINCIAL DEL CUSCO _cBIBLIOTECA MUNICIPAL DEL CUSCO |
||
| 082 |
_a331/Y19 _bY19 |
||
| 100 |
_aYamada Fukusaki, Gustavo _945336 |
||
| 245 |
_aInversión en educación e ingresos laborales : _bmás allá de la ecuación de Mincer / _cGustavo Yamada, Juan F. Castro y Roberto Asmat |
||
| 260 |
_aLima : _bUniversidad del Pacífico, _c2013. |
||
| 300 |
_a81 páginas. : _bdiagramas ; _c22 cm. |
||
| 500 | _zBibliografía: p. 65-68. | ||
| 650 |
_aEconomía del trabajo _95761 |
||
| 650 |
_aEconomía de la educación _945337 |
||
| 650 |
_aAhorro e inversión _931025 |
||
| 650 |
_aFormación profesional _95072 |
||
| 650 |
_aAspectos económicos _9261 |
||
| 650 |
_aPerú _945338 |
||
| 700 |
_aCastro, Juan F _945339 |
||
| 700 |
_aAsmat, Roberto _945340 |
||
| 710 |
_aUniversidad del Pacífico (Lima) _910408 |
||
| 942 |
_2ddc _cLIBROS |
||
| 945 | _aRoel | ||